[Event "SR 5. liga SE-SI 2012/2013"]
[Site "?"]
[Date "2013.01.12"]
[Round "9.3"]
[White "Benak, Peter"]
[Black "Nemeckay, Dominik"]
[Result "1-0"]
[WhiteElo "1594"]
[BlackElo "1424"]
[PlyCount "81"]
[EventDate "2012.??.??"]

1. e4 e5 2. Nf3 Nc6 3. Bc4 Bc5 4. O-O d6 5. Nc3 Bg4 6. h3 Bh5 7. Nd5 Nd4 8. Be2
Nxe2+ 9. Qxe2 Nf6 10. d3 Nxd5 11. exd5 Qf6 12. g4 Bg6 13. Bg5 Bxd3 14. Qxd3 Qg6
15. Qxg6 hxg6 16. Kg2 f6 17. Be3 Bxe3 18. fxe3 Kf7 19. e4 Ke7 20. Kg3 Raf8 21.
Nh4 Kf7 22. c4 g5 23. Nf5 b6 24. Rh1 Rh7 25. Rh2 Rfh8 26. Rah1 g6 27. Ne3 a6
28. h4 gxh4+ 29. Rxh4 Rxh4 30. Rxh4 Rxh4 31. Kxh4 a5 32. a4 Kg7 33. g5 fxg5+
34. Kxg5 Kf7 35. Ng2 Kg7 36. Nh4 Kf7 37. Nxg6 Ke8 38. Kf6 Kd8 39. Nf8 Ke8 40.
Ne6 Kd7 41. Kf7 1-0

[Event "SR 5. liga SE-SI 2012/2013"]
[Site "?"]
[Date "2013.01.12"]
[Round "9.3"]
[White "Tomasovic, Roman"]
[Black "Sladek, Michal"]
[Result "1-0"]
[WhiteElo "1277"]
[BlackElo "1000"]
[PlyCount "103"]
[EventDate "2012.??.??"]

1. e4 e5 2. Nc3 Nc6 3. Nf3 Bb4 4. a3 Bxc3 5. bxc3 Nf6 6. d3 O-O 7. Be2 d5 8.
exd5 Nxd5 9. Bb2 Nf4 10. O-O Bg4 11. Qd2 Nxe2+ 12. Qxe2 Re8 13. h3 Bh5 14. g4
Bg6 15. Rad1 Qf6 16. Rfe1 Kf8 17. Nd2 Qh4 18. Kh2 Rad8 19. f3 h5 20. Qg2 Rd5
21. c4 Rdd8 22. Re3 Nd4 23. Rc1 Rd6 24. Bc3 c5 25. Bxd4 exd4 26. Rxe8+ Kxe8 27.
Qg3 Qxg3+ 28. Kxg3 hxg4 29. hxg4 Ra6 30. Ra1 Rb6 31. Nb3 Rc6 32. Re1+ Kf8 33.
Re5 b6 34. Nc1 Rc7 35. Ne2 Re7 36. Rxe7 Kxe7 37. Kf4 Kf6 38. Ng3 a6 39. Ne4+
Bxe4 40. dxe4 b5 41. cxb5 axb5 42. e5+ Ke6 43. Ke4 d3 44. cxd3 b4 45. axb4 cxb4
46. d4 b3 47. d5+ Kd7 48. Kd3 f6 49. f4 fxe5 50. fxe5 Kc7 51. Kc3 Kb6 52. Kxb3
1-0

[Event "SR 5. liga SE-SI 2012/2013"]
[Site "?"]
[Date "2013.01.12"]
[Round "9.3"]
[White "Cambal, Peter"]
[Black "Tomasovic, Pavol"]
[Result "0-1"]
[WhiteElo "1000"]
[BlackElo "1304"]
[PlyCount "46"]
[EventDate "2012.??.??"]

1. e4 e6 2. c4 c5 3. Nc3 Nc6 4. Nf3 Be7 5. d4 cxd4 6. Nxd4 Qb6 7. Nxc6 dxc6 8.
Na4 Qb4+ 9. Nc3 Nf6 10. Qd2 O-O 11. a3 Qb6 12. Bd3 Nd7 13. Qe3 Bc5 14. Qf3 Ne5
15. Qg3 Nxd3+ 16. Qxd3 Bxf2+ 17. Kd1 Rd8 18. Nd5 exd5 19. exd5 Bg4+ 20. Kd2
cxd5 21. Rf1 dxc4 22. Qxd8+ Rxd8+ 23. Kc3 Qb3# 0-1

[Event "SR 5. liga SE-SI 2012/2013"]
[Site "?"]
[Date "2013.01.12"]
[Round "9.3"]
[White "Drinka, Robert"]
[Black "Svrcek, Daniel"]
[Result "1-0"]
[WhiteElo "1290"]
[BlackElo "1000"]
[PlyCount "115"]
[EventDate "2012.??.??"]

1. e4 e5 2. Nf3 Nc6 3. Bc4 Nf6 4. Nc3 d6 5. O-O Bg4 6. Bb5 Be7 7. d3 O-O 8.
Bxc6 bxc6 9. Re1 d5 10. exd5 cxd5 11. Rxe5 Bd6 12. Re1 Re8 13. Rxe8+ Qxe8 14.
Kf1 Bb4 15. Bg5 Rb8 16. Bxf6 gxf6 17. Nxd5 Qe6 18. Ne3 f5 19. Nxg4 fxg4 20. Nd4
Qd6 21. Qxg4+ Kf8 22. c3 Re8 23. Re1 Rxe1+ 24. Kxe1 Qe5+ 25. Kd2 Bc5 26. Qc8+
Kg7 27. Qg4+ Kf8 28. Qe4 Qxe4 29. dxe4 Bd6 30. h3 c5 31. Nf5 Bf4+ 32. Kd3 Bc7
33. Kc4 Bb6 34. b4 cxb4 35. cxb4 Bxf2 36. Kb5 h5 37. Ka6 h4 38. Nd6 Kg7 39. Nc8
f6 40. Nxa7 Bxa7 41. Kxa7 Kg6 42. b5 Kg5 43. b6 Kf4 44. b7 Kxe4 45. b8=Q f5 46.
Qb4+ Ke5 47. Qxh4 f4 48. Qg4 Ke4 49. g3 Ke3 50. Qxf4+ Kd3 51. Kb6 Kc2 52. Qe3
Kb2 53. Kb5 Kxa2 54. Qc3 Kb1 55. Qd2 Ka1 56. Kb4 Kb1 57. Ka3 Ka1 58. Qc1# 1-0

[Event "SR 5. liga SE-SI 2012/2013"]
[Site "?"]
[Date "2013.01.12"]
[Round "9.3"]
[White "Horak, Viliam"]
[Black "Cerna, Lucia"]
[Result "0-1"]
[WhiteElo "1000"]
[BlackElo "1122"]
[PlyCount "72"]
[EventDate "2012.??.??"]

1. e4 e5 2. f4 f6 3. Nf3 Nc6 4. d4 d6 5. Bc4 Bg4 6. h3 Bxf3 7. gxf3 exd4 8. Bd2
Nge7 9. Bb5 Qd7 10. Qe2 O-O-O 11. Na3 Re8 12. O-O-O f5 13. Rhg1 fxe4 14. fxe4
Qxh3 15. Qg4+ Qxg4 16. Rxg4 Ng6 17. f5 Nge5 18. Rf4 Be7 19. Bb4 Bg5 20. Bd2
Bxf4 21. Bxf4 h5 22. c3 dxc3 23. bxc3 Nf3 24. Rf1 Nh2 25. Bxh2 Rxe4 26. Bxc6
bxc6 27. Rf4 Re2 28. Bg3 Rxa2 29. Nc2 a5 30. Rc4 Rf8 31. Rxc6 Ra4 32. Ne3 Re8
33. Nd5 Re2 34. Kd1 Rg2 35. Rxc7+ Kb8 36. Bxd6 Ra1# 0-1

[Event "SR 5. liga SE-SI 2012/2013"]
[Site "?"]
[Date "2013.01.26"]
[Round "10.1"]
[White "Celustkova, Lubica"]
[Black "Hrubsa, Marian"]
[Result "0-1"]
[WhiteElo "1611"]
[BlackElo "1820"]
[PlyCount "124"]
[EventDate "2012.??.??"]

1. e4 e6 2. d4 d5 3. exd5 exd5 4. Nf3 Bd6 5. Bd3 Ne7 6. O-O O-O 7. Re1 Bf5 8.
Ne5 Bxd3 9. Qxd3 f6 10. Nf3 Nd7 11. Nbd2 c6 12. Nf1 Qc7 13. Ne3 Rfe8 14. Bd2
Nf8 15. Nf5 Nxf5 16. Qxf5 Qf7 17. Bf4 g6 18. Qg4 h5 19. Qg3 Bxf4 20. Qxf4 Kg7
21. Qd2 Qd7 22. Rxe8 Rxe8 23. Re1 Kf7 24. Rxe8 Qxe8 25. Kf1 Qe7 26. c3 Qe4 27.
b3 Ne6 28. Ne1 Nf4 29. f3 Qf5 30. g3 Ne6 31. f4 Qe4 32. Qg2 Qe3 33. Qc2 Ng7 34.
Qd3 Qe4 35. Kf2 Ke6 36. Qe2 Kd6 37. Nf3 Nf5 38. h3 Ne7 39. c4 Nf5 40. c5+ Ke6
41. Qd2 b6 42. b4 bxc5 43. bxc5 a5 44. g4 hxg4 45. hxg4 Ne7 46. Kg3 a4 47. a3
Qb1 48. Qe3+ Kf7 49. Kf2 Qb2+ 50. Nd2 Qb8 51. Nf3 Qc8 52. g5 Nf5 53. Qe2 Qc7
54. Qd2 Qe7 55. gxf6 Qxf6 56. Ne5+ Kg7 57. Nf3 Kf7 58. Qb4 Qe7 59. Ne5+ Kg7 60.
Ke2 Qh4 61. Qb7+ Kh6 62. Nf3 Qxf4 0-1

[Event "SR 5. liga SE-SI 2012/2013"]
[Site "?"]
[Date "2013.01.26"]
[Round "10.1"]
[White "Baumgartner, Milan"]
[Black "Wallner, Juraj"]
[Result "0-1"]
[WhiteElo "1558"]
[BlackElo "1495"]
[PlyCount "44"]
[EventDate "2012.??.??"]

1. c4 c5 2. Nc3 e6 3. e4 Nc6 4. a3 Nf6 5. Bd3 d5 6. Qf3 Ne5 7. Qe2 Nxd3+ 8.
Qxd3 dxe4 9. Qxd8+ Kxd8 10. Nge2 Bd7 11. Ng3 Bc6 12. O-O Bd6 13. Re1 Bxg3 14.
hxg3 Ke7 15. b3 h5 16. Bb2 h4 17. Ne2 Rad8 18. Rad1 h3 19. Nf4 h2+ 20. Kh1 Ng4
21. Re2 e5 22. Nh3 Rxh3 0-1

[Event "SR 5. liga SE-SI 2012/2013"]
[Site "?"]
[Date "2013.01.26"]
[Round "10.1"]
[White "Klimesova, Lucia"]
[Black "Bartos, Bohumil"]
[Result "1/2-1/2"]
[WhiteElo "1516"]
[BlackElo "1533"]
[PlyCount "43"]
[EventDate "2012.??.??"]

1. e4 c5 2. Nf3 d6 3. Bb5+ Bd7 4. Bxd7+ Nxd7 5. O-O Ngf6 6. d3 g6 7. Be3 Bg7 8.
c3 O-O 9. Nbd2 Rc8 10. a3 Ng4 11. Qb3 Nxe3 12. fxe3 Qb6 13. Qa2 Bh6 14. Nc4 Qa6
15. a4 Nb6 16. Nfd2 Nd7 17. Rf3 Ne5 18. Nxe5 dxe5 19. Nc4 Bg7 20. Qb3 Rb8 21.
Qa3 b6 22. b4 1/2-1/2

[Event "SR 5. liga SE-SI 2012/2013"]
[Site "?"]
[Date "2013.01.26"]
[Round "10.1"]
[White "Danihel, Jozef"]
[Black "Tomasovic, Roman"]
[Result "0-1"]
[WhiteElo "1566"]
[BlackElo "1277"]
[PlyCount "119"]
[EventDate "2012.??.??"]

1. d4 d5 2. c4 e6 3. Nc3 Nf6 4. Nf3 Be7 5. e3 c6 6. Bd3 h6 7. Qc2 Na6 8. a3 Qa5
9. Qb1 Qd8 10. O-O Nc7 11. b3 b6 12. Bb2 O-O 13. Re1 Nd7 14. Qc2 f5 15. Rac1
Bb7 16. Ne2 g5 17. cxd5 Nxd5 18. Ne5 Nxe5 19. dxe5 Nc7 20. Red1 Qe8 21. Bc4 b5
22. Bd3 Qf7 23. Nd4 c5 24. Nxb5 Nxb5 25. Bxb5 Rfd8 26. Qe2 Rac8 27. Rxd8+ Bxd8
28. Qd3 Bb6 29. Qe2 Rd8 30. Rd1 Kg7 31. Rxd8 Bxd8 32. Qd3 Bb6 33. Bc4 Bc7 34.
a4 Qe7 35. f3 Kf7 36. g4 Kg6 37. Kf2 Bc6 38. Qc2 Bd7 39. Bd3 Bb6 40. Qc4 Kf7
41. gxf5 Kf8 42. f6 Qf7 43. Ba3 Kg8 44. Bxc5 Qh5 45. Kg2 Bxc5 46. Qxc5 g4 47.
Kh1 gxf3 48. Qe7 Qf7 49. Qd8+ Be8 50. Bc4 Qg6 51. Bxe6+ Kh8 52. Qxe8+ Qxe8 53.
f7 Qe7 54. Bd5 Kg7 55. Bxf3 Qxe5 56. e4 Kxf7 57. Kg2 Qb2+ 58. Kg3 Qxb3 59. h4
Qxa4 60. Kf4 0-1

[Event "SR 5. liga SE-SI 2012/2013"]
[Site "?"]
[Date "2013.01.26"]
[Round "10.1"]
[White "Tomasovic, Pavol"]
[Black "Davidik, Miroslav"]
[Result "0-1"]
[WhiteElo "1304"]
[BlackElo "1452"]
[PlyCount "100"]
[EventDate "2012.??.??"]

1. e4 c6 2. d4 d5 3. exd5 cxd5 4. Nc3 a6 5. Be2 Bf5 6. Nf3 h6 7. Be3 Nf6 8. O-O
e6 9. Ne5 Be7 10. Bf4 Nc6 11. Bf3 Qb6 12. Nxc6 bxc6 13. b3 Qd8 14. Be5 O-O 15.
Ne2 Nd7 16. Bf4 Bg5 17. Qd2 Qf6 18. Bxg5 hxg5 19. Ng3 Bg6 20. Be2 Rfd8 21. f4
gxf4 22. Qxf4 Qxf4 23. Rxf4 Bxc2 24. Raf1 Rf8 25. Rh4 g6 26. Rg4 a5 27. Nh5 Bf5
28. Rg3 Kh7 29. Nf4 e5 30. dxe5 Nxe5 31. Nh3 Bxh3 32. Rxh3+ Kg7 33. Rf4 Rh8 34.
Rg3 f6 35. Bd1 Rh6 36. Bc2 c5 37. Rd3 Nxd3 38. Bxd3 g5 39. Rf3 Rah8 40. h3 Rh4
41. Bf5 Rd4 42. Be6 Re8 43. Bf5 Rd2 44. Rd3 Re1+ 45. Kh2 Rxd3 46. Bxd3 Ra1 47.
a4 Ra2 48. Bb5 Rb2 49. Bc6 d4 50. Bd5 d3 0-1

[Event "SR 5. liga SE-SI 2012/2013"]
[Site "?"]
[Date "2013.01.26"]
[Round "10.2"]
[White "Ocko, Martin"]
[Black "Huska, Branislav"]
[Result "1/2-1/2"]
[WhiteElo "1661"]
[BlackElo "1574"]
[PlyCount "98"]
[EventDate "2012.??.??"]

1. d4 Nf6 2. c4 e6 3. Nf3 Bb4+ 4. Bd2 Bxd2+ 5. Nbxd2 d5 6. e3 O-O 7. Be2 Nbd7
8. O-O b6 9. Qc2 Bb7 10. Rac1 c5 11. b3 Rc8 12. Qb1 Ne4 13. Nxe4 dxe4 14. Nd2
cxd4 15. Nxe4 Nc5 16. Nxc5 bxc5 17. Bd3 g6 18. Be4 Qc7 19. exd4 cxd4 20. Rcd1
Rcd8 21. Rfe1 Rd7 22. Bxb7 Qxb7 23. Qe4 Qxe4 24. Rxe4 Rfd8 25. b4 Kf8 26. c5 a6
27. a4 Ke7 28. Kf1 d3 29. b5 Rd5 30. Rc4 Kd7 31. bxa6 Kc6 32. Rb4 R8d7 33. Rb6+
Kxc5 34. Rb7 Kc6 35. Rc1+ Kd6 36. Rcb1 Ra5 37. R1b6+ Ke7 38. Rxd7+ Kxd7 39.
Rb7+ Kc6 40. Rxf7 Rxa4 41. Ke1 Rxa6 42. Rxh7 Ra1+ 43. Kd2 Ra2+ 44. Kxd3 Rxf2
45. g3 Kd6 46. Ke3 Ra2 47. Rh6 Ke5 48. h3 Ra3+ 49. Kf2 Ra2+ 1/2-1/2

[Event "SR 5. liga SE-SI 2012/2013"]
[Site "?"]
[Date "2013.01.26"]
[Round "10.2"]
[White "Kanka, Tomas"]
[Black "Trojkova, Michaela"]
[Result "1-0"]
[WhiteElo "1435"]
[BlackElo "1199"]
[PlyCount "87"]
[EventDate "2012.??.??"]

1. Nf3 Nc6 2. e4 e5 3. Bc4 Bc5 4. b4 Bxb4 5. c3 Be7 6. d4 d6 7. d5 Na5 8. Qa4+
Bd7 9. Qxa5 Nf6 10. Bd3 O-O 11. O-O Qc8 12. Be3 c6 13. c4 b6 14. Qd2 cxd5 15.
cxd5 h6 16. Nc3 Rb8 17. Rfc1 Qd8 18. h3 b5 19. Bxa7 Rb7 20. Be3 b4 21. Ne2 Ba4
22. Ng3 Qd7 23. Nf5 Bd8 24. Bxh6 gxh6 25. Qxh6 Ne8 26. Ng5 Bxg5 27. Qxg5+ Kh8
28. Re1 f6 29. Qd2 Rg8 30. Re3 Qh7 31. Rg3 Rxg3 32. Nxg3 Ng7 33. Rb1 b3 34.
axb3 Rxb3 35. Rxb3 Bxb3 36. Qb4 Bd1 37. Qxd6 Qh6 38. Qf8+ Kh7 39. d6 Ba4 40.
Qe7 Qc1+ 41. Kh2 Kh6 42. Qxf6+ Kh7 43. Qxe5 Qd2 44. Be2 1-0

[Event "SR 5. liga SE-SI 2012/2013"]
[Site "?"]
[Date "2013.01.26"]
[Round "10.2"]
[White "Buran, Andrej ml"]
[Black "Macalka, Ondrej"]
[Result "1-0"]
[WhiteElo "1152"]
[BlackElo "1508"]
[PlyCount "101"]
[EventDate "2012.??.??"]

1. e4 c5 2. Nf3 d6 3. Bb5+ Bd7 4. Bxd7+ Nxd7 5. c3 Ngf6 6. Qe2 g6 7. O-O Bg7 8.
d4 cxd4 9. cxd4 O-O 10. Nc3 a6 11. Bg5 b5 12. a3 Rc8 13. Rac1 Nb6 14. Nd2 Qd7
15. f4 Rc7 16. f5 Rfc8 17. Rf3 Ng4 18. Rf4 Bxd4+ 19. Kh1 Ne5 20. Ndb1 Nbc4 21.
Rff1 a5 22. Nd5 f6 23. Bh4 Rc5 24. Bxf6 Rxd5 25. exd5 exf6 26. fxg6 Nxg6 27. b3
Nb6 28. Qd3 Rxc1 29. Rxc1 Be5 30. Nc3 b4 31. axb4 axb4 32. Ne4 Qb7 33. Rd1 Nf4
34. Qb5 Qa8 35. Qxb6 Nxd5 36. Qb5 Nc3 37. Nxc3 bxc3 38. Qc4+ Kg7 39. Qg4+ Kf7
40. Qh5+ Ke6 41. Qg4+ f5 42. Qc4+ Kf6 43. Qh4+ Ke6 44. Qh6+ Bf6 45. Re1+ Kf7
46. Qxh7+ Bg7 47. Qh5+ Kf6 48. Qh4+ Kg6 49. Qg3+ Kh7 50. Re7 Qg8 51. Qh4+ 1-0

[Event "SR 5. liga SE-SI 2012/2013"]
[Site "?"]
[Date "2013.01.26"]
[Round "10.2"]
[White "Svarc, Vaclav"]
[Black "Rajec, Matus"]
[Result "0-1"]
[WhiteElo "1000"]
[BlackElo "1000"]
[PlyCount "100"]
[EventDate "2012.??.??"]

1. d4 d6 2. Nf3 Nd7 3. Bf4 c5 4. e3 g6 5. Bb5 Bg7 6. O-O a6 7. Ba4 b5 8. Bb3 c4
9. Nbd2 cxb3 10. Nxb3 Ngf6 11. Qe1 O-O 12. e4 Bb7 13. Nbd2 Rc8 14. e5 dxe5 15.
dxe5 Nd5 16. Qe4 Nxf4 17. Qxb7 e6 18. Qxa6 Rxc2 19. Qxb5 Nxe5 20. Qb4 Nxf3+ 21.
Nxf3 Nd5 22. Qe4 Rxb2 23. Rfb1 Nc3 24. Qe1 Nxb1 25. Rxb1 Rxb1 26. Qxb1 Qb8 27.
Qd3 Rd8 28. Qa6 Qd6 29. Qxd6 Rxd6 30. h3 h5 31. Ne1 Bc3 32. Nc2 Rd1+ 33. Kh2
Rd2 34. Ne3 Rxa2 35. g4 Rxf2+ 36. Ng2 hxg4 37. hxg4 f5 38. gxf5 exf5 39. Kg1
Bd4 40. Nh4 Rf4+ 41. Kg2 Rxh4 42. Kg3 g5 43. Kg2 g4 44. Kg3 Rh3+ 45. Kg2 f4 46.
Kf1 g3 47. Ke2 g2 48. Ke1 g1=Q+ 49. Ke2 Qg2+ 50. Ke1 Rh1# 0-1

[Event "SR 5. liga SE-SI 2012/2013"]
[Site "?"]
[Date "2013.01.26"]
[Round "10.3"]
[White "Drabek, Martin"]
[Black "Sukopcak, Miroslav"]
[Result "0-1"]
[WhiteElo "1516"]
[BlackElo "1712"]
[PlyCount "90"]
[EventDate "2012.??.??"]

1. e4 c5 2. Nf3 d6 3. Bc4 h6 4. a3 Nf6 5. d3 Bg4 6. h3 Bh5 7. Nc3 e6 8. Qd2 Nc6
9. Qe3 Bxf3 10. Qxf3 Nd4 11. Qd1 a6 12. Be3 Nc6 13. O-O Be7 14. Ne2 Ne5 15. Ba2
d5 16. f4 Nc6 17. Ng3 dxe4 18. dxe4 Qc7 19. e5 Rd8 20. Qf3 Nd5 21. Bxd5 Rxd5
22. Rad1 Nd4 23. Bxd4 cxd4 24. Rd2 Qb6 25. Qb3 Qxb3 26. cxb3 O-O 27. b4 f6 28.
exf6 Bxf6 29. f5 Bg5 30. Rd3 Be3+ 31. Kh1 exf5 32. Rfd1 f4 33. Nf1 Rfd8 34. Nh2
h5 35. Nf3 g5 36. Nd2 Kg7 37. Rc1 R8d7 38. Rc2 g4 39. Ne4 Kg6 40. hxg4 hxg4 41.
Nf2 g3 42. Nh3 Rh7 43. Rc8 Rdh5 44. Rxe3 dxe3 45. Kg1 Rxh3 0-1

[Event "SR 5. liga SE-SI 2012/2013"]
[Site "?"]
[Date "2013.01.26"]
[Round "10.3"]
[White "Vasek, Rudolf"]
[Black "Antalek, Rudolf"]
[Result "1/2-1/2"]
[WhiteElo "1453"]
[BlackElo "1123"]
[PlyCount "89"]
[EventDate "2012.??.??"]

1. d4 Nf6 2. Nf3 g6 3. c3 d5 4. Bf4 Bg7 5. Nbd2 O-O 6. h3 Nbd7 7. Bh2 b6 8. e3
c5 9. Bd3 Bb7 10. Qc2 Bc6 11. O-O Re8 12. Ne5 Nxe5 13. Bxe5 Nd7 14. Bxg7 Kxg7
15. f4 e6 16. Nf3 f6 17. Qf2 Qc7 18. Qg3 Nf8 19. Rae1 f5 20. Ne5 a5 21. h4 h5
22. Be2 Kh6 23. Qg5+ Kh7 24. Kf2 Bb7 25. Rh1 Qe7 26. Bb5 Qxg5 27. hxg5 Rec8 28.
g4 fxg4 29. Nxg4 Kg7 30. Nf6 Ba6 31. Bxa6 Rxa6 32. Rd1 Ra7 33. e4 Nd7 34. e5
Rac7 35. Nxd7 Rxd7 36. Ke3 Rf7 37. a4 Kf8 38. Rh4 Ke7 39. dxc5 Rxc5 40. Rd4 Ke8
41. Kd3 Rfc7 42. Rh2 Rc4 43. Rf2 Rxd4+ 44. cxd4 Rf7 45. b3 1/2-1/2

[Event "SR 5. liga SE-SI 2012/2013"]
[Site "?"]
[Date "2013.01.26"]
[Round "10.3"]
[White "Spanik, Ondrej"]
[Black "Drozd, Jan"]
[Result "0-1"]
[WhiteElo "1278"]
[BlackElo "1000"]
[PlyCount "74"]
[EventDate "2012.??.??"]

1. c4 e6 2. Nc3 Nf6 3. Nf3 d5 4. d3 c6 5. cxd5 Nxd5 6. Ne4 Bb4+ 7. Bd2 Bxd2+ 8.
Qxd2 O-O 9. Nc3 Nd7 10. e4 Nxc3 11. Qxc3 Nf6 12. Be2 Qe7 13. e5 Nd5 14. Qc2 c5
15. O-O b6 16. d4 Bb7 17. Bc4 Rac8 18. b3 cxd4 19. Nxd4 a6 20. a4 Qg5 21. f3
Qxe5 22. Rad1 Qg5 23. Qe2 Ne3 24. h4 Qf4 25. Bxe6 fxe6 26. Nxe6 Qh6 27. Nxf8
Nxf1 28. Rd7 Rxf8 29. Rxb7 Ng3 30. Qc4+ Kh8 31. Qc7 Nf5 32. g3 Qe3+ 33. Kh2
Qxf3 34. Rb8 Kg8 35. Rxf8+ Kxf8 36. Qd8+ Kf7 37. Qd7+ Ne7 0-1

[Event "SR 5. liga SE-SI 2012/2013"]
[Site "?"]
[Date "2013.01.26"]
[Round "10.3"]
[White "Lauko, Tomas"]
[Black "Romanova, Ema"]
[Result "1-0"]
[WhiteElo "1000"]
[BlackElo "1000"]
[PlyCount "85"]
[EventDate "2012.??.??"]

1. e4 e5 2. Nf3 Nc6 3. c3 Nf6 4. Qc2 Bc5 5. b4 Bb6 6. a4 Ng4 7. h3 Bxf2+ 8. Ke2
Nf6 9. Kxf2 O-O 10. Ba3 d6 11. d4 Be6 12. b5 Na5 13. dxe5 dxe5 14. Bxf8 Qxf8
15. g3 Bb3 16. Qe2 Qc5+ 17. Kg2 Bc4 18. Qf2 Nxe4 19. Qxc5 Nxc5 20. Nxe5 Nab3
21. Bxc4 Nxa1 22. Bxf7+ Kf8 23. Rf1 Ne4 24. Bd5+ Nf6 25. Na3 Re8 26. Nd7+ Ke7
27. Nxf6 gxf6 28. Rxa1 Kd6 29. Bxb7 Re2+ 30. Kf3 Rd2 31. Nc4+ Kc5 32. Nxd2 Kb6
33. Bc6 a5 34. c4 Kc5 35. Ne4+ Kxc4 36. Ke3 f5 37. Rc1+ Kb4 38. Nc5 h5 39. Kd4
h4 40. Rb1+ Ka3 41. Bd5 hxg3 42. Kc3 g2 43. Ra1# 1-0

[Event "SR 5. liga SE-SI 2012/2013"]
[Site "?"]
[Date "2013.01.26"]
[Round "10.3"]
[White "Dujsik, Radko"]
[Black "Balaz, Lukas"]
[Result "0-1"]
[WhiteElo "1029"]
[BlackElo "1000"]
[PlyCount "80"]
[EventDate "2012.??.??"]

1. e4 e5 2. Nf3 Nc6 3. Bc4 Nf6 4. Nc3 Bb4 5. a3 Bxc3 6. bxc3 d5 7. exd5 Nxd5 8.
d4 Nxc3 9. Qd3 exd4 10. Bd2 Qe7+ 11. Kf1 Qf6 12. Bg5 Qd6 13. Bd2 Qf6 14. Re1+
Be6 15. Bxc3 dxc3 16. Bb5 O-O 17. Qe4 Bd7 18. Qh4 Qxh4 19. Nxh4 a6 20. Bc4 b5
21. Bd5 Rab8 22. Re3 b4 23. axb4 Nxb4 24. Re7 Nxd5 25. Rxd7 c6 26. Ke2 Rfd8 27.
Ra7 Nb4 28. Rb1 Rd2+ 29. Kf1 h6 30. Nf5 Rxc2 31. Nd6 Rb2 32. Rc1 c2 33. Nc4 Rb1
34. Ke2 Rxc1 35. Kd2 Rd1+ 36. Kc3 c1=Q+ 37. Kb3 Nd5+ 38. Ka4 Qa1+ 39. Na3 Nc3+
40. Ka5 Qxa3# 0-1

[Event "SR 5. liga SE-SI 2012/2013"]
[Site "?"]
[Date "2013.02.09"]
[Round "11.1"]
[White "Mudroch, Martin"]
[Black "Sukopcak, Miroslav"]
[Result "1/2-1/2"]
[WhiteElo "1309"]
[BlackElo "1712"]
[PlyCount "29"]
[EventDate "2012.??.??"]

1. e4 c5 2. Nf3 d6 3. d4 cxd4 4. Nxd4 a6 5. Nc3 e5 6. Nf3 Be6 7. Be2 Be7 8. Be3
Nc6 9. O-O Nf6 10. Ng5 Bd7 11. Qd2 h6 12. Nf3 Be6 13. Nh4 Qc7 14. f3 g5 15. Nd5
1/2-1/2

[Event "SR 5. liga SE-SI 2012/2013"]
[Site "?"]
[Date "2013.02.09"]
[Round "11.1"]
[White "Vasek, Rudolf"]
[Black "Kaufman, Robert"]
[Result "1-0"]
[WhiteElo "1453"]
[BlackElo "1041"]
[PlyCount "65"]
[EventDate "2012.??.??"]

1. d4 d5 2. f4 Nc6 3. Nf3 Bf5 4. c3 e6 5. e3 Bd6 6. Bd3 Bxd3 7. Qxd3 Nf6 8. O-O
O-O 9. g3 Ne4 10. Nbd2 f5 11. Ne5 Nxe5 12. fxe5 Be7 13. Nf3 Bg5 14. Kg2 Qe8 15.
Nxg5 Nxg5 16. Qe2 Ne4 17. h4 Qg6 18. Qf3 Rf7 19. Kh3 Raf8 20. Rg1 f4 21. exf4
Qh6 22. Kg2 Rf5 23. Qg4 Rh5 24. Be3 g5 25. fxg5 Qg6 26. Raf1 Rxf1 27. Rxf1 b6
28. Qf3 Qg7 29. Qxh5 h6 30. Qe8+ Kh7 31. Rf7 hxg5 32. Rxg7+ Kxg7 33. hxg5 1-0

[Event "SR 5. liga SE-SI 2012/2013"]
[Site "?"]
[Date "2013.02.09"]
[Round "11.1"]
[White "Hrdlicka, Martin"]
[Black "Drozd, Jan"]
[Result "0-1"]
[WhiteElo "1000"]
[BlackElo "1000"]
[PlyCount "78"]
[EventDate "2012.??.??"]

1. d4 d5 2. c4 e6 3. cxd5 exd5 4. Nc3 Bb4 5. Bd2 Nf6 6. Nf3 Nbd7 7. a3 Bxc3 8.
Bxc3 c5 9. e3 b6 10. b4 O-O 11. Bb5 cxd4 12. exd4 Re8+ 13. Be2 Ba6 14. Ra2 Rc8
15. Rc2 Rxc3 16. Rxc3 Bxe2 17. Qxe2 Rxe2+ 18. Kxe2 Ne4 19. Rc2 Nd6 20. Rhc1 Nc4
21. Nd2 b5 22. a4 a6 23. axb5 axb5 24. Nxc4 dxc4 25. d5 Qe7+ 26. Kf1 Qxb4 27.
Rb1 Qxb1+ 28. Ke2 Qxc2+ 29. Kf3 Qd3+ 30. Kg4 Qxd5 31. f3 c3 32. h4 c2 33. h5
c1=Q 34. f4 Nf6+ 35. Kh4 Qxh5+ 36. Kg3 Qg4+ 37. Kh2 Qcxf4+ 38. g3 Qfxg3+ 39.
Kh1 Q4h3# 0-1

[Event "SR 5. liga SE-SI 2012/2013"]
[Site "?"]
[Date "2013.02.09"]
[Round "11.1"]
[White "Lauko, Tomas"]
[Black "Nater, Nikolas"]
[Result "1-0"]
[WhiteElo "1000"]
[BlackElo "1000"]
[PlyCount "51"]
[EventDate "2012.??.??"]

1. e4 Nc6 2. Nf3 Nf6 3. e5 Ne4 4. d3 e6 5. dxe4 Bc5 6. c3 d6 7. b4 Nxb4 8. cxb4
Bxb4+ 9. Bd2 Bc5 10. Be3 O-O 11. Bxc5 dxc5 12. Nbd2 f5 13. Qb3 fxe4 14. Nxe4
Qd7 15. Bc4 Re8 16. O-O b5 17. Bxb5 Qe7 18. Bxe8 Qxe8 19. Nxc5 Rb8 20. Qxb8 Qf8
21. Qxc7 h6 22. Rfd1 Ba6 23. Rd8 Be2 24. Rxf8+ Kxf8 25. Nxe6+ Kg8 26. Qxg7# 1-0

[Event "SR 5. liga SE-SI 2012/2013"]
[Site "?"]
[Date "2013.02.09"]
[Round "11.2"]
[White "Cibula, Jozef"]
[Black "Wallner, Juraj"]
[Result "1-0"]
[WhiteElo "1334"]
[BlackElo "1495"]
[PlyCount "87"]
[EventDate "2012.??.??"]

1. e4 c5 2. Nc3 e6 3. Bc4 Nc6 4. Nf3 Nf6 5. d3 d5 6. Bb5 dxe4 7. dxe4 Qxd1+ 8.
Nxd1 Nxe4 9. Bf4 Bd7 10. Bd3 Nf6 11. O-O Be7 12. Ne3 O-O 13. Rad1 Nd5 14. Nxd5
exd5 15. Rfe1 Bf6 16. b3 Bg4 17. Be2 Rad8 18. h3 Bf5 19. c4 d4 20. g4 Bg6 21.
g5 Be7 22. Bf1 Bd6 23. Bxd6 Rxd6 24. h4 Bh5 25. Bg2 f6 26. Rd2 Bxf3 27. Bxf3
fxg5 28. Bxc6 Rxc6 29. hxg5 Rg6 30. Re5 b6 31. Kf1 h6 32. gxh6 Rxh6 33. Re7 a5
34. a3 Rf3 35. Rb2 Rhh3 36. b4 Rxa3 37. bxc5 Rhb3 38. c6 Rxb2 39. c7 Kf8 40.
Rd7 Ra1+ 41. Kg2 Re1 42. c8=Q+ Re8 43. Qc6 Rb3 44. Qg6 1-0

[Event "SR 5. liga SE-SI 2012/2013"]
[Site "?"]
[Date "2013.02.09"]
[Round "11.2"]
[White "Klimesova, Lucia"]
[Black "Petras, Michal"]
[Result "1/2-1/2"]
[WhiteElo "1516"]
[BlackElo "1251"]
[PlyCount "51"]
[EventDate "2012.??.??"]

1. e4 d5 2. exd5 Qxd5 3. Nc3 Qa5 4. Nf3 Nf6 5. h3 Bf5 6. Bc4 e6 7. O-O Nbd7 8.
d3 c6 9. Bd2 Qc7 10. a3 Bd6 11. Nh4 O-O 12. Nxf5 exf5 13. Qf3 g6 14. Bg5 Rfe8
15. Rae1 Kg7 16. Qd1 Be5 17. d4 Bf4 18. Bxf4 Qxf4 19. Ne2 Qd6 20. Ba2 c5 21. c3
cxd4 22. Nxd4 Qb6 23. Qb3 Qxb3 24. Bxb3 Nc5 25. Rd1 Rad8 26. f3 1/2-1/2

[Event "SR 5. liga SE-SI 2012/2013"]
[Site "?"]
[Date "2013.02.09"]
[Round "11.2"]
[White "Kridl, Oliver"]
[Black "Nemeckay, Dominik"]
[Result "1/2-1/2"]
[WhiteElo "1000"]
[BlackElo "1424"]
[PlyCount "52"]
[EventDate "2012.??.??"]

1. e4 e5 2. Nf3 Nc6 3. d4 exd4 4. Nxd4 Qh4 5. Nc3 Bb4 6. Nf5 Qxe4+ 7. Ne3 Bxc3+
8. bxc3 Nf6 9. Be2 d6 10. O-O O-O 11. Bf3 Qa4 12. Re1 Re8 13. Nd5 Bg4 14. Nxf6+
gxf6 15. Rxe8+ Rxe8 16. Bxg4 Qe4 17. h3 Ne5 18. Be3 Ng6 19. Qd3 Qa4 20. Qf5 Ne5
21. Bd4 Qa5 22. Qxf6 c5 23. Bxe5 Rxe5 24. f4 Qxc3 25. fxe5 Qxa1+ 26. Kh2 Qxe5+
1/2-1/2

[Event "SR 5. liga SE-SI 2012/2013"]
[Site "?"]
[Date "2013.02.09"]
[Round "11.2"]
[White "Tomasovic, Roman"]
[Black "Rajec, Matus"]
[Result "1-0"]
[WhiteElo "1277"]
[BlackElo "1000"]
[PlyCount "81"]
[EventDate "2012.??.??"]

1. e4 e6 2. d4 d5 3. e5 c5 4. c3 cxd4 5. cxd4 Nc6 6. Nf3 Bb4+ 7. Bd2 Bxd2+ 8.
Qxd2 Qa5 9. Qxa5 Nxa5 10. b3 Nc6 11. Nc3 Nge7 12. Bd3 O-O 13. O-O Bd7 14. a3
Rac8 15. b4 Nxd4 16. Nxd4 Rxc3 17. Bb5 Bc6 18. Rfc1 Rxc1+ 19. Rxc1 Bxb5 20.
Nxb5 a6 21. Nd6 b5 22. Rc7 Nf5 23. f4 Nxd6 24. exd6 Rd8 25. d7 Kf8 26. Ra7 Ke7
27. Rxa6 Rxd7 28. Rb6 d4 29. Kf2 d3 30. Ke1 Rc7 31. Kd2 Rd7 32. Rxb5 h6 33. a4
Kd8 34. a5 Kc7 35. Rc5+ Kb7 36. b5 g5 37. fxg5 hxg5 38. Rxg5 Rd5 39. Rxd5 exd5
40. Kxd3 f5 41. Kd4 1-0